000 00548nam a22001817a 4500
005 20251108164013.0
008 250721s1987 xx 000 0 ara d
082 1 4 _a001.6424/عقي
100 1 _aالعقيلي، صالح أرشيد
245 1 0 _aالحاسوب :
_bالمعدات - البرمجيات /
264 1 _aالكرك :
_bالمؤلفين،
_c1987.
300 _a596ص
650 1 7 _aالحواسيب
700 1 _aالبلشه، خالد أمين
700 1 _aالمدني، علي محمود
942 _2ddc
_cBK
999 _c1206
_d1206